[Event "World Junior U20 Open 2018"]
[Site "Gebze"]
[Date "2018.09.15"]
[Round "9.9"]
[White "Bellahcene, Bilel"]
[Black "Narayanan.S.L"]
[Result "1/2-1/2"]
[WhiteElo "2501"]
[BlackElo "2573"]
[Annotator "TA"]
[PlyCount "94"]
[EventDate "2018.09.05"]
[EventType "swiss"]
[EventCountry "TUR"]
[SourceTitle "playchess.com"]
[Source "ChessBase"]
[SourceQuality "1"]

{[%evp 12,94,10,11,43,15,11,-8,-2,-2,15,0,0,-21,-15,-27,-15,-15,-17,-9,0,0,0,0,0,0,0,0,0,0,0,-2,15,5,19,0,15,0,147,0,0,0,0,-14,-7,-8,-4,-8,0,0,0,-14,-17,-23,-21,-20,-8,-8,-8,-15,-4,-25,0,0,37,41,54,60,56,61,47,47,56,0,2,0,0,0,0,0,0,0,0,0,0]} 1. e4 e5 2. Nf3 Nc6 3. Nc3 Nf6 4. d4 Bb4 5. d5 Nb8 6. Bd3 {C47: Scotch Four Knights and Four Knights with 4 g3} d6 7. O-O {LiveBook: 4 Games} c6 $146 ({Predecessor:} 7... O-O 8. Ne2 Nbd7 9. a3 Bc5 10. b4 Bb6 11. c4 Re8 12. Bg5 h6 13. Be3 Ng4 14. Bxb6 axb6 {½-½ (49) Sharbaf,M (2350)-Mirzoev,A (2556) Rasht 2015}) 8. dxc6 {White is slightly better.} bxc6 9. Ne2 O-O 10. Ng3 Re8 11. c4 a5 12. Qe2 Nbd7 {[%cal Bb8d7,Bd7f8,Bf8e6,Be6d4][%mdl 32]} 13. Rd1 Nf8 14. Bc2 Bg4 15. Ba4 Rc8 16. a3 Bc5 17. h3 Bxf3 18. Qxf3 Ne6 19. Rb1 Nd4 20. Qd3 Rb8 21. Bd2 Bb6 22. b4 Ra8 {Threatens to win with ...axb4.} 23. Ra1 Qe7 24. Be3 Qa7 {[#]} (24... Qc7 $11 {remains equal.}) 25. Ra2 (25. c5 $1 $16 {[%cal Rc5b6][%mdl 512]} dxc5 26. Bxd4) 25... axb4 $11 26. axb4 g6 27. Nf1 Nh5 28. g3 Qb7 29. Rb1 Qd7 30. Kg2 Ng7 31. Rba1 Nge6 32. Nd2 Rab8 33. Bd1 Rec8 34. Ra6 h5 35. h4 Qe8 36. R1a2 Bd8 37. R6a4 Bf6 38. Nb3 Rb7 39. Nxd4 Nxd4 40. Bxd4 exd4 41. Be2 Rcb8 42. Rb2 (42. Qf3 $14 Bg7 43. b5) 42... d5 {The position is equal.} 43. exd5 cxd5 44. b5 dxc4 45. Rxc4 Rxb5 46. Rxb5 Rxb5 (46... Qxb5 $2 {[#] loses.} 47. Rc8+ $1 {[%mdl 512]} Rxc8 48. Qxb5 $18) 47. Rxd4 Bxd4 {Precision: White = 58%, Black = 52%.} 1/2-1/2

[Event "World Junior U20 Open 2018"]
[Site "Gebze"]
[Date "2018.09.13"]
[Round "9.10"]
[White "Thybo, Jesper Sondergaard"]
[Black "Pichot, Alan"]
[Result "1/2-1/2"]
[WhiteElo "2499"]
[BlackElo "2562"]
[Annotator "TA"]
[PlyCount "81"]
[EventDate "2018.09.05"]
[EventType "swiss"]
[EventCountry "TUR"]
[SourceTitle "playchess.com"]
[Source "ChessBase"]
[SourceQuality "1"]

{[%evp 21,81,50,62,47,60,49,65,68,98,97,97,97,114,83,130,75,99,80,175,178,183,175,339,351,351,332,329,353,963,206,170,10,36,10,26,25,53,32,559,554,538,440,429,412,392,114,102,68,64,15,10,11,14,-67,-38,-244,-141,-164,-8,-8,-8,-8]} 1. d4 Nf6 2. c4 g6 3. Nc3 Bg7 4. e4 d6 5. Nf3 O-O 6. Be2 e5 7. O-O Nc6 8. d5 Ne7 9. b4 a5 10. bxa5 c5 11. a4 Ne8 {LiveBook: 3 Games. E97: King's Indian: Classical Main Line (6...e5 7 0-0 Nc6): 8 Be3 and 8 d5 Ne7, not 9 Ne1} (11... Rxa5 12. Ra3 Ra6 13. Ne1 Nd7 14. Nd3 h6 15. f4 exf4 16. Nxf4 Ne5 17. Kh1 Kh7 18. Nb5 Ng8 19. Qc2 {1-0 (79) Topalov,V (2784)-Nakamura,H (2782) Bilbao 2014 CBM 163 [Krasenkow,M]}) 12. Nb5 h6 13. Nd2 $146 ({Predecessor:} 13. Ra3 Rxa5 14. Nd2 Ra6 15. Bb2 g5 16. Bg4 Nf6 17. Bxc8 Qxc8 18. Qe2 Ng6 19. g3 {1-0 (52) Damljanovic,B (2528)-Markovic,M (2441) Zrenjanin 2018}) 13... f5 {White is slightly better.} 14. exf5 gxf5 15. f4 e4 16. Ra3 {[%cal Ba1a3,Ba3g3,Bg3h3][%mdl 32]} Rxa5 17. Kh1 Nf6 18. Rg1 ({Better is} 18. Bb2) 18... Bd7 19. Nf1 Be8 (19... Ra6 $16 {was called for.}) 20. g4 $1 $18 Kh8 21. Rag3 fxg4 $2 (21... Bxb5 22. axb5 Ra2) 22. Bxg4 Nxg4 (22... Bxb5 $2 23. axb5 Nxg4 24. Qxg4 $18) 23. Qxg4 {[%csl Gg1,Gg3][%cal Rg4g7]} Nf5 24. Rh3 Bd7 $2 {[#]} (24... Rxa4 $2 25. Ne3 $18) (24... Qe7 25. Nxd6 Qxd6) 25. Ng3 $2 (25. Rxh6+ $3 {[%mdl 512]} Bxh6 (25... Nxh6 26. Qxg7#) 26. Bb2+ Nd4 27. Qh5) 25... Qe7 ({Don't go for} 25... Ne3 $2 26. Rxh6+ $3 {[%mdl 512]} Bxh6 27. Qg6 $18) 26. Qg6 $2 ({White should play} 26. Rh5 $18 Ne3 27. Qg6) 26... Rf6 $11 27. Qh5 e3 28. Bb2 Nd4 $1 29. Nxd4 Bxh3 $4 {[%mdl 8192]} (29... cxd4 $14 30. Bxd4 Bxh3 31. Bxf6 Qxf6 32. Qxh3 Qxf4) 30. Nb3 $18 Rxa4 {aiming for ...Bd7.} 31. Bxf6 Qxf6 32. Qxh3 {Hoping for Nh5.} Qxf4 33. Qg2 $2 (33. Nh5 $18 {is the precise move to win.} Qe4+ 34. Rg2 (34. Qg2 Qxg2+ 35. Kxg2 Rxc4 $11)) 33... Rxc4 $16 34. Nc1 {Threatens to win with Nh5.} (34. Na5 {is interesting.} Rb4 35. Nf5 Qe4 36. Nxe3 b5 37. Nc6) 34... Qf2 $1 35. Qxf2 (35. Nce2 {with more complications.} Rg4 36. Rf1 Qxg2+ 37. Kxg2 Be5 38. Kf3) 35... exf2 36. Rf1 b5 {[%cal Bb7b5,Bb5b4][%mdl 32]} 37. Nd3 (37. Nf5 $11) 37... b4 38. Rxf2 $2 {[#]} (38. Rb1 $15) 38... Rd4 (38... b3 $1 $19 39. Kg2 Ra4) 39. Nb2 $17 Be5 $2 (39... c4 $19 {...c3 is the strong threat.} 40. Nf5 Re4) 40. Nf5 $11 Rxd5 {White must now prevent ...Bxb2.} 41. Ne7 {Precision: White = 35%, Black = 28%.} 1/2-1/2

[Event "World Junior U20 Open 2018"]
[Site "Gebze"]
[Date "2018.09.13"]
[Round "9.11"]
[White "Lobanov, Sergei"]
[Black "Lodici, Lorenzo"]
[Result "1-0"]
[WhiteElo "2535"]
[BlackElo "2458"]
[Annotator "TA"]
[PlyCount "55"]
[EventDate "2018.09.05"]
[EventType "swiss"]
[EventCountry "TUR"]
[SourceTitle "playchess.com"]
[Source "ChessBase"]
[SourceQuality "1"]

{[%evp 10,55,19,0,31,-4,-5,0,24,10,11,8,12,-9,-15,-12,-20,-34,31,47,70,75,179,138,136,143,147,110,111,103,127,138,138,124,110,114,163,174,175,122,164,177,181,161,457,455,445,455]} 1. Nf3 d5 2. e3 Bg4 3. c4 c6 4. d4 e6 5. Nc3 Nd7 6. Be2 {LiveBook: 5 Games. D02: 1 d4 d5 2 Nf3 sidelines, including 2...Nf6 3 g3 and 2...Nf6 3 Bf4} f5 7. Nd2 $146 ({Predecessor:} 7. a3 Bd6 8. b4 Ngf6 9. h3 Bxf3 10. Bxf3 O-O 11. Qb3 Kh8 12. Ra2 Ne4 13. Ne2 {0-1 (30) Baudot,D (2235)-Kuijf,M (2475) London 1996}) 7... Bxe2 8. Qxe2 {The position is equal.} Nh6 9. b3 Bd6 10. Bb2 O-O 11. f3 e5 12. dxe5 Bxe5 {Threatening ...Qf6.} 13. O-O-O Re8 (13... Qa5 $15 14. Qd3 Nc5) 14. cxd5 $14 {Strongly threatening Nc4.} cxd5 15. Nxd5 Qa5 (15... Rc8+ $16 {was called for.} 16. Kb1 Bxb2 17. Kxb2 Nf6 18. Nxf6+ Qxf6+ 19. Kb1 Nf7) 16. Bxe5 Nxe5 {[#]} 17. Nb1 $1 Rad8 18. Ndc3 Rc8 {[#]} 19. Kb2 $1 a6 20. Nd5 Nhf7 21. Qd2 Qb5 {Hoping for ...Nc4+.} 22. Ka1 Rc5 23. Nbc3 Qc6 24. Rc1 ({Better is} 24. Rhe1 $18) 24... a5 25. Rhd1 Qh6 26. h3 Qh4 $2 (26... Nc6 27. Kb1 Rd8) 27. Qd4 $18 Qxd4 28. exd4 {Precision: White = 60%, Black = 34%.} 1-0

[Event "World Junior U20 Open 2018"]
[Site "Gebze"]
[Date "2018.09.13"]
[Round "9.12"]
[White "Van Foreest, Jorden"]
[Black "Lagunow, Raphael"]
[Result "1/2-1/2"]
[WhiteElo "2624"]
[BlackElo "2403"]
[Annotator "TA"]
[PlyCount "86"]
[EventDate "2018.09.05"]
[EventType "swiss"]
[EventCountry "TUR"]
[SourceTitle "playchess.com"]
[Source "ChessBase"]
[SourceQuality "1"]

{[%evp 22,86,29,22,26,41,57,41,61,9,15,14,21,23,32,20,66,66,84,45,63,44,58,54,73,61,66,0,0,-89,-70,-100,-41,-168,-136,-218,-185,-254,-262,-270,-278,-278,-279,-264,-268,-248,-239,-280,-261,-200,-197,-177,-136,-240,-228,-252,-231,-246,-233,-199,0,-27,0,0,0,0,0]} 1. e4 c5 2. Nf3 Nc6 3. Bb5 g6 4. Bxc6 bxc6 5. O-O Bg7 6. Re1 Nh6 7. c3 O-O 8. d4 cxd4 9. cxd4 f6 10. Nc3 d6 11. h3 Nf7 12. Be3 {LiveBook: 59 Games} f5 {B31: Sicilian: 2...Nc6 3 Bb5 g6} (12... Qa5 13. Qd2 Bd7 14. Rac1 Rfe8 15. b3 Rad8 16. Qb2 f5 17. Bd2 fxe4 18. Nxe4 Qd5 19. Qa3 Ra8 20. Qa6 {1-0 (58) Nepomniachtchi,I (2717)-Moiseenko,A (2706) Riga 2013 CBM 156 Extra [CB]}) 13. Rc1 {[#]} Qa5 $146 ({Predecessor:} 13... fxe4 14. Nxe4 Be6 15. b3 Qd7 16. Nc3 Bf5 17. Nh4 Be6 18. Nf3 Bf5 19. Nh4 Be6 20. Nf3 {½-½ (20) Xu,Y (2482)-Kveinys,A (2547) Seville 2018}) 14. e5 Rb8 {White is slightly better.} 15. exd6 ({White should play} 15. Na4 $14) 15... exd6 $11 16. b3 h6 17. Bd2 Bd7 18. Qc2 Rfe8 19. Ne2 $1 Qb5 20. Nf4 g5 21. Rxe8+ Rxe8 22. a4 $1 {[%cal Ra4b5]} Qb8 23. Nh5 Bh8 24. d5 (24. Bc3 $14) 24... cxd5 25. Qc7 (25. Bc3 $11 {keeps the balance.}) 25... Be6 $17 26. Be3 a6 (26... Qxb3 $17 {White must now prevent ...f4.} 27. Nd4 Qxa4 28. Nxe6 Rxe6) 27. Qxb8 (27. Qc2 $15) 27... Rxb8 $19 28. Rc6 (28. h4 $17) 28... d4 $36 {[%mdl 2048] Black is really pushing.} 29. Bxd4 (29. Nxd4 $142 Bd5 30. Rc7) 29... Bd5 (29... Bxb3 30. Rxa6 Bc4 31. Ra5 $11) (29... Rxb3 30. Bxh8 Rb1+ 31. Kh2 $16) 30. Rb6 Rxb6 31. Bxb6 Bxf3 (31... Bxb3 32. a5 $19) 32. gxf3 {[%mdl 4096] Endgame [#] KBN-KBN} f4 $1 33. b4 Ne5 34. b5 axb5 (34... Nxf3+ 35. Kg2 $17) 35. axb5 Nxf3+ 36. Kg2 Nd4 {Hoping for ...Kf7.} 37. h4 (37. Bd8 $17) 37... Kf7 (37... gxh4 38. Bxd4 Bxd4 39. Nxf4 $11) ({Worse is} 37... Nxb5 38. hxg5 hxg5 39. Bd8 $11) 38. hxg5 hxg5 {Threatens to win with ...Kg6.} 39. Kh3 Kg6 ({Not} 39... Nxb5 40. Kg4 $11) 40. Kg4 {[#]} Nf5 $2 ({Weaker is} 40... Nxb5 41. Bd8 $11) (40... Ne6 $1 $19 {...Bc3 is the strong threat.} 41. Ba5 Bd4) 41. Bc7 (41. Nxf4+ $5 gxf4 42. Bc7 $15) 41... Bd4 {[#]} 42. Nxf4+ $1 {[%mdl 512]} gxf4 43. b6 Bxf2 {Precision: White = 41%, Black = 69%.} 1/2-1/2

[Event "World Junior U20 Open 2018"]
[Site "Gebze"]
[Date "2018.09.13"]
[Round "9.13"]
[White "Harsha Bharathakoti"]
[Black "Donchenko, Alexander"]
[Result "1/2-1/2"]
[WhiteElo "2474"]
[BlackElo "2614"]
[Annotator "TA"]
[PlyCount "111"]
[EventDate "2018.09.05"]
[EventType "swiss"]
[EventCountry "TUR"]
[SourceTitle "playchess.com"]
[Source "ChessBase"]
[SourceQuality "1"]

{[%evp 20,111,17,8,18,8,0,-6,-8,-21,-13,-23,3,-15,-7,-16,-25,-19,-18,-21,20,20,32,-56,-83,-50,-31,-45,-39,-40,0,0,0,0,0,0,6,7,8,-5,-5,-3,-3,-6,33,0,0,0,0,0,52,0,52,0,52,52,57,0,220,0,0,0,0,0,0,0,0,0,0,0,0,0,0,0,0,0,0,0,0,0,0,0,0,0,0,0,0,0,0,0,0,0,0,0]} 1. Nf3 Nf6 2. c4 e6 3. Nc3 d5 4. e3 dxc4 5. Bxc4 a6 6. a4 c5 7. O-O Nc6 8. Qe2 Qc7 9. d4 Be7 10. dxc5 Bxc5 11. Bd2 {LiveBook: 12 Games} b6 {D27: Queen's Gambit Accepted: Classical main line: 7 e4!? and 7 a4} 12. Rac1 Bb7 13. h3 O-O 14. Na2 $146 ({Predecessor:} 14. Ba2 Qe7 15. Rfd1 Rfd8 16. Be1 h6 17. Bb1 Rxd1 18. Rxd1 Rd8 {½-½ (18) Kozlovskaya,V (2239)-Soffer,R (2488) Halkidiki 2016}) 14... Qe7 15. Rfd1 e5 16. Bc3 b5 17. axb5 axb5 18. Bxb5 Rxa2 19. Qc4 Rfa8 20. Be1 {[#]} Ne4 $1 {[%mdl 512]} 21. Qxe4 (21. b4 $14) 21... Nd4 $1 $15 22. Qg4 Nxb5 23. Rd7 Bxf3 $1 24. gxf3 Qf8 25. Qc4 Rxb2 ({Reject} 25... Ra1 26. Qxc5 Qxc5 27. Rxc5 $16) 26. Qxc5 Qxc5 27. Rxc5 {[#] Strongly threatening Rb7.} Rb1 28. Kg2 f6 29. Rb7 Rxe1 30. Rcxb5 $11 {[%mdl 4096] Endgame KRR-KRR} Raa1 {( -> ...Rg1+)} 31. f4 e4 32. Re7 {[%cal Rb5b8]} Rg1+ 33. Kh2 {[%cal Rb5b8]} Rh1+ 34. Kg3 {[%cal Rb5b8]} Rag1+ 35. Kh4 {[%cal Rb5b8]} h6 (35... h5 $1 $11) 36. Rxe4 (36. f5 $1 $14) 36... Kh7 (36... Rg2 $11) 37. f5 $1 $14 h5 38. Re8 (38. Rf4 $14) 38... Rg4+ $1 $11 39. Kxh5 Rg2 $1 {[%cal Rh1h3] The position is equal.} 40. Kh4 {And now Rbb8 would win.} Rxf2 41. Kg3 Rfh2 42. Rbb8 {[%csl Gb8][%cal Re8h8]} Rxh3+ 43. Kg2 {[%csl Gb8][%cal Re8h8]} R1h2+ 44. Kg1 {[%csl Gb8][%cal Re8h8]} Kh6 45. Rh8+ Kg5 46. Rxh3 Rxh3 {KR-KR} 47. Rb7 Rxe3 {White must now prevent ...Kh6.} 48. Rxg7+ Kxf5 49. Kf2 Ra3 50. Rb7 Kg5 51. Rb5+ f5 52. Rb4 f4 53. Rb8 Rg3 54. Rg8+ Kf5 55. Rxg3 fxg3+ 56. Kxg3 {Precision: White = 62%, Black = 62%.} 1/2-1/2

[Event "World Junior U20 Open 2018"]
[Site "Gebze"]
[Date "2018.09.13"]
[Round "9.14"]
[White "Haldorsen, Benjamin"]
[Black "Martirosyan, Haik M"]
[Result "0-1"]
[WhiteElo "2461"]
[BlackElo "2597"]
[Annotator "TA"]
[PlyCount "72"]
[EventDate "2018.09.05"]
[EventType "swiss"]
[EventCountry "TUR"]
[SourceTitle "playchess.com"]
[Source "ChessBase"]
[SourceQuality "1"]

{[%evp 17,72,23,27,18,25,0,0,0,26,33,30,0,0,0,0,0,0,0,0,0,0,0,0,0,0,0,0,-28,-23,-27,0,12,18,37,42,29,45,37,48,56,103,110,103,108,103,-41,-46,-254,-252,-252,-170,-308,-222,-770,-744,-737,-735]} 1. e4 c5 2. Nf3 Nc6 3. Bb5 e6 4. O-O Nge7 5. Nc3 a6 6. Bxc6 Nxc6 7. d4 cxd4 8. Nxd4 Nxd4 {B30: Sicilian: 2...Nc6 3 Bb5, lines without ...g6} (8... d6 9. Nxc6 bxc6 10. Qg4 e5 11. Qg3 Be6 12. Kh1 h5 13. h3 h4 14. Qd3 Be7 15. f4 O-O 16. f5 Bc8 17. Nd1 d5 18. Ne3 dxe4 19. Qxe4 {0-1 (43) Fressinet,L (2662)-Saric,I (2669) Riadh 2017}) 9. Qxd4 b5 {[%cal Bb7b5,Bb5b4][%mdl 32] LiveBook: 3 Games} 10. Be3 $146 ({Predecessor:} 10. a4 b4 11. Nd5 Rb8 12. Re1 f6 13. a5 Rb5 14. Qc4 Rc5 15. Qb3 Rxa5 16. Rb1 {½-½ (81) Heberla,B (2542)-Bryzgalin,K (2465) Dresden 2013}) 10... Bb7 {The position is equal.} 11. a4 b4 12. Na2 a5 13. c3 {[%cal Rc3b4]} Qf6 14. e5 Qg6 {[%csl Gb7][%cal Rg6g2] [#]} 15. f3 {[%cal Rc3b4]} bxc3 16. Nxc3 {Threatens to win with Nb5.} Bb4 17. Qb6 Ba6 18. Rfd1 {Black must now prevent Bc5.} O-O 19. Rxd7 Qc2 20. Rd2 Qf5 21. Bc5 Rab8 22. Qxa6 Bxc5+ 23. Kh1 Qxe5 24. Qxa5 Qf4 25. Ne2 $36 {[%cal Bc3e2,Be2c1,Bc1d3][%mdl 2080] White has good play.} Qh6 26. Rd7 Qe3 27. Qd2 Qb3 28. Nc1 Qc4 {[%cal Rc4f1]} 29. Nd3 Bd4 30. a5 e5 31. h3 ({White should play} 31. f4 $16) 31... Qc6 $15 32. Re7 $2 {[#]} (32. Rxd4 $1 $15 exd4 33. b4) 32... Qd6 $1 $19 {[%cal Rd6e7]} 33. Nxe5 ({But not} 33. Qg5 $2 h6 $19) 33... Rxb2 ({Inferior is} 33... Qxe7 34. Qxd4 Rbc8 35. a6 $14) 34. Qg5 (34. Qf4 $142 Qxe7 35. Qxd4) 34... Re2 35. Rd1 $2 (35. Rxf7 Qxe5 36. Qxe5 Bxe5 37. Rxf8+ Kxf8 38. Rb1) 35... Bxe5 {[%cal Rd6d1]} 36. Rf1 Bf6 {Precision: White = 46%, Black = 66%.} 0-1

[Event "World Junior U20 Open 2018"]
[Site "Gebze"]
[Date "2018.09.13"]
[Round "9.15"]
[White "Batsuren, Dambasuren"]
[Black "Xu, Xiangyu"]
[Result "1/2-1/2"]
[WhiteElo "2446"]
[BlackElo "2586"]
[Annotator "TA"]
[PlyCount "67"]
[EventDate "2018.09.05"]
[EventType "swiss"]
[EventCountry "TUR"]
[SourceTitle "playchess.com"]
[Source "ChessBase"]
[SourceQuality "1"]

{[%evp 19,67,33,32,33,31,28,25,14,28,20,15,18,11,0,33,31,31,26,29,35,43,51,45,8,8,8,8,8,8,8,21,18,19,8,8,8,8,0,45,8,18,8,8,8,7,0,0,0,16,0]} 1. d4 d5 2. c4 e6 3. Nc3 a6 4. cxd5 exd5 5. Nf3 Nf6 6. Bg5 {D37: Queen's Gambit Declined: 5 Bf4} Be6 7. e3 Nbd7 8. Bd3 Bd6 9. O-O (9. Bf4 Qe7 10. O-O O-O 11. h3 Rfe8 12. Qc2 {½-½ (12) Aronian,L (2805)-Carlsen,M (2837) Riadh 2017}) 9... c6 10. Bf4 Qc7 {LiveBook: 12 Games} 11. Bxd6 Qxd6 12. Qc2 O-O 13. Na4 $146 ({Predecessor:} 13. h3 Nb6 {½-½ (44) Xiang,Z (2411)-Zhou,J (2616) China 2018}) 13... Rfe8 14. Nc5 Nxc5 15. dxc5 Qc7 16. h3 Ne4 17. Bxe4 dxe4 18. Nd4 Qe5 19. Rfd1 Rad8 20. Nxe6 Qxe6 21. Rxd8 Rxd8 $14 {[%mdl 4096] Endgame KQR-KQR} 22. Rd1 Rd5 23. Qb3 {Hoping for Rxd5.} Rxd1+ 24. Qxd1 $11 {[#] Intending Qd8+ and mate. KQ-KQ} f6 (24... Qe7 {is more complex.} 25. b4 g6 26. Qd4 h5 27. g3 f6) 25. Qd8+ Kf7 26. Qc7+ Qe7 27. Qc8 h5 28. b4 Kg6 29. h4 Kh6 {The position is equal.} 30. a3 Kg6 31. g3 Kh6 32. Qh8+ Kg6 33. Qc8 Kh6 34. Qh8+ {Precision: White = 33%, Black = 58%.} 1/2-1/2

[Event "World Junior U20 Open 2018"]
[Site "Gebze"]
[Date "2018.09.13"]
[Round "9.16"]
[White "Janik, Igor"]
[Black "Aravindh, Chithambaram VR"]
[Result "1/2-1/2"]
[WhiteElo "2447"]
[BlackElo "2578"]
[Annotator "TA"]
[PlyCount "73"]
[EventDate "2018.09.05"]
[EventType "swiss"]
[EventCountry "TUR"]
[SourceTitle "playchess.com"]
[Source "ChessBase"]
[SourceQuality "1"]

{[%evp 24,73,39,33,37,0,-2,-13,0,-17,-13,-14,0,0,0,0,0,0,0,0,0,0,1,0,0,0,4,0,4,4,4,2,2,2,2,5,1,6,4,0,0,0,0,0,0,0,0,0,0,0,0,0]} 1. d4 Nf6 2. c4 e6 3. g3 d5 4. Nf3 dxc4 5. Bg2 a6 6. O-O Nc6 7. e3 Bd7 8. Qe2 b5 9. b3 {E04: Katalanisch} cxb3 10. axb3 Be7 11. Bb2 O-O 12. Rc1 Nb4 (12... Ra7 13. Nc3 Qb8 14. Ne5 Nxe5 15. dxe5 Nd5 16. Bxd5 exd5 17. Nxd5 {1-0 (26) Ragger,M (2700)-Ruck,R (2566) Germany 2017}) 13. Ne5 {LiveBook: 12 Partien} Nfd5 14. Nxd7 Qxd7 {Die Stellung ist ausgeglichen.} 15. Nd2 {[%cal Bb1d2,Bd2e4,Be4c5][%mdl 32]} a5 16. Ne4 Rfb8 $146 ({Vorgänger:} 16... f5) 17. Nc5 Qe8 18. Ba3 c6 19. Qd2 h6 20. e4 Nc7 21. Bxb4 axb4 22. Rxa8 ({Ein No Go ist} 22. Qxb4 Rxa1 23. Rxa1 e5 $17) 22... Rxa8 23. Qxb4 e5 {[#] Droht ...Se6 und aus.} 24. Qc3 exd4 25. Qxd4 Bf6 26. Qd7 Qxd7 27. Nxd7 Bd4 28. Rxc6 Ne6 29. e5 Ra1+ 30. Bf1 g6 31. Rc2 Rb1 32. Kg2 Rxb3 33. f4 Kg7 34. Nf6 h5 35. Rc8 Rb2+ 36. Kh1 Rb1 37. Rg8+ {Precision: Weiß = 84%, Schwarz = 83%.} 1/2-1/2

[Event "World Junior U20 Open 2018"]
[Site "Gebze"]
[Date "2018.09.13"]
[Round "9.17"]
[White "Mohammad Nubairshah Shaikh"]
[Black "Lomasov, Semyon"]
[Result "0-1"]
[WhiteElo "2443"]
[BlackElo "2545"]
[Annotator "TA"]
[PlyCount "110"]
[EventDate "2018.09.05"]
[EventType "swiss"]
[EventCountry "TUR"]
[SourceTitle "playchess.com"]
[Source "ChessBase"]
[SourceQuality "1"]

{[%evp 34,110,0,0,0,-6,0,-7,10,19,17,0,26,40,112,92,116,-9,-13,-132,-135,-152,-149,-216,-214,-207,-220,-333,-341,-390,-401,-451,-439,-436,-414,-747,-712,-729,-599,-594,-591,-588,-577,-515,-471,-535,-510,-589,-560,-531,-525,-606,-606,-991,-990,-961,-958,-2361,-2410,-1799,-1684,-29976,-29977,-29978,-29979,-29979,-29980,-29981,-29982,-29984,-29985,-29985,-29986,-29987,-29985,-29987,-29988,-29988,-29989]} 1. d4 Nf6 2. c4 e6 3. g3 c5 4. d5 exd5 5. cxd5 d6 6. Nc3 g6 7. Bg2 Bg7 8. Nf3 {[%cal Bg1f3,Bf3d2,Bd2c4][%mdl 32]} O-O 9. O-O Re8 10. Nd2 a6 11. a4 Nbd7 12. h3 Rb8 13. Nc4 Ne5 14. Na3 Nh5 15. e4 Bd7 16. a5 {A64: Modern Benoni: Fianchetto Variation: 9...Nbd7 10 Nd2 a6 11 a4 Re8} Qxa5 17. g4 Nf6 18. f4 {[%cal Bf2f4,Bf4f5,Bf5f6][%mdl 32] [#] LiveBook: 56 Games. The position is equal.} Nexg4 $1 {[%mdl 512]} 19. hxg4 Nxg4 20. f5 $1 h5 21. Bg5 $1 Qb4 22. f6 $1 {[%cal Rf6g7]} Bh8 23. Qd2 {[#]} Re5 $146 (23... Qd4+ $14 24. Qxd4 cxd4) ({Predecessor:} 23... Qd4+ 24. Qxd4 cxd4 {0-1 (41) Sasikiran,K (2689)-Anand,V (2817) Bastia 2011}) 24. Nc2 $1 $16 {[%cal Rc2b4]} Qb6 {[#] With the idea ...Rxg5.} 25. Bf4 ({Only move:} 25. Bh4 $1 $16) 25... Bxf6 $11 26. Bxe5 (26. Ne3 $11) 26... Bxe5 $17 27. Ne1 {[#]} Ne3 $1 {[%mdl 512]} 28. Rf3 ({Don't blunder} 28. Qxe3 $2 Bd4 $19) (28. Nf3 $17 {keeps fighting.} Nxf1 29. Rxf1) 28... Nc4 $1 $19 {[%csl LRb2,LRd2]} 29. Qe2 Qxb2 30. Ra2 (30. Qxb2 {was the only defense.} Nxb2 31. Ra2) 30... Qc1 31. Nd1 {intending Rc2.} Bd4+ ({Not} 31... Bg4 32. Rc2 $19) 32. Nf2 Bg4 33. Rc2 Bxf3 34. Bxf3 (34. Rxc4 $142 Bxe2 35. Rxc1) 34... Qg5+ 35. Ng2 Ne3 36. Rd2 Re8 37. Rd3 Nxg2 38. Bxg2 {[#]} Qxd5 $1 {[%mdl 512]} 39. Qc2 (39. exd5 Rxe2) 39... Qg5 40. Rf3 Re6 41. Kf1 Rf6 42. e5 Qxe5 43. Rxf6 Qxf6 44. Bxb7 a5 45. Kg2 Qxf2+ 46. Qxf2 Bxf2 47. Kxf2 {[%mdl 4096] Endgame KB-KP} Kg7 {Black mates.} 48. Ke3 f5 49. Kd3 Kf6 50. Kc4 Ke5 51. Kb5 h4 {[%cal Bh5h4,Bh4h3][%mdl 32]} 52. Kxa5 h3 53. Kb5 Kd4 54. Kc6 c4 {[%cal Bc5c4,Bc4c3][%mdl 32]} 55. Kxd6 c3 {Precision: White = 34%, Black = 72%.} 0-1